000 00477nam a2200193Ia 4500
005 20240823043144.0
008 240823s9999||||xx |||||||||||||| ||und||
020 _a81-219-1143-5
041 _aENGLISH
082 _A519 P9
100 _aKandasamy P et al.
245 0 _aEngineering Mathematics
250 _a8th
260 _c2009
_bS chand New D
_aNew Delhi
500 _aTRANSFERED
650 _aEngineering Mathematics
_bMathematics
942 _cBK
999 _c209568
_d209568